Every NHL Player in 2023-24 - Statistics

General Stats
  • This quiz has been taken 144 times
    138 since last reset
  • The average score is 231 of 1022
Answer Stats
Team Games Played Player Name % Correct
MIN 77 Joel Eriksson Ek
84%
EDM 81 Leon Draisaitl
82%
EDM 76 Connor McDavid
80%
NJD 62 Jack Hughes
80%
NJD 82 Luke Hughes
80%
VAN 82 Quinn Hughes
80%
OTT 81 Brady Tkachuk
78%
FLA 80 Matthew Tkachuk
78%
PIT 82 Sidney Crosby
76%
WSH 79 Alex Ovechkin
75%
TOR 81 Auston Matthews
75%
BOS 82 Brad Marchand
75%
EDM 77 Evander Kane
75%
WSH 60 Nicolas Aube-Kubel
75%
DET 50 Patrick Kane
75%
BUF 74 Jeff Skinner
73%
BOS 44 Jeremy Swayman
73%
BOS 40 Linus Ullmark
73%
EDM 59 Stuart Skinner
73%
COL 77 Cale Makar
71%
WSH 24 Ethan Bear
71%
WPG 65 Kyle Connor
71%
TOR 69 Mitchell Marner
71%
CAR 78 Sebastian Aho
71%
NYI 58 Sebastian Aho
71%
ANA 31 Trevor Zegras
71%
CHI 68 Connor Bedard
69%
PIT 82 Evgeni Malkin
69%
VAN 81 JT Miller
69%
NYR 80 K'Andre Miller
69%
NJD 63 Brendan Smith
67%
NSH 80 Cole Smith
67%
WPG 46 Colin Miller
67%
DAL 75 Craig Smith
67%
BOS 82 David Pastrnak
67%
DET 68 Dylan Larkin
67%
VAN 82 Elias Pettersson
67%
SJS 36 Givani Smith
67%
VAN 4 Linus Karlsson
67%
MIN 40 Marc-Andre Fleury
67%
COL 82 Nathan Mackinnon
67%
TBL 81 Nikita Kucherov
67%
PIT 76 Reilly Smith
67%
FLA 58 Sergei Bobrovsky
67%
FLA 73 Aleksander Barkov
65%
PIT 82 Erik Karlsson
65%
SJS 3 Jack Thompson
65%
CBJ 72 Jake Bean
65%
VGK 46 Logan Thompson
65%
PIT 82 Marcus Pettersson
65%
MTL 82 Nick Suzuki
65%
TBL 79 Steven Stamkos
65%
BUF 71 Tage Thompson
65%
VGK 70 William Karlsson
65%
TOR 82 William Nylander
65%
CBJ 28 Alexander Nylander
63%
MTL 82 Cole Caufield
63%
MIN 67 Frederick Gaudreau
63%
NYR 55 Igor Shesterkin
63%
CBJ 81 Johnny Gaudreau
63%
FLA 80 Oliver Ekman-Larsson
63%
OTT 30 Anton Forsberg
61%
NYR 82 Artemi Panarin
61%
SEA 1 Cale Fleury
61%
NSH 82 Filip Forsberg
61%
TBL 24 Haydn Fleury
61%
SEA 1 Kole Lind
61%
EDM 80 Zach Hyman
61%
NYR 72 Adam Fox
59%
TBL 52 Andrei Vasilevskiy
59%
DAL 82 Jamie Benn
59%
MIN 75 Kirill Kaprizov
59%
VGK 56 Mark Stone
59%
BUF 81 Rasmus Dahlin
59%
EDM 80 Ryan Nugent-Hopkins
59%
CAR 24 Antti Raanta
57%
LAK 81 Anze Kopitar
57%
WPG 60 Connor Hellebuyck
57%
EDM 81 Darnell Nurse
57%
COL 82 Devon Toews
57%
EDM 81 Evan Bouchard
57%
NYR 69 Jacob Trouba
57%
DAL 82 Jason Robertson
57%
CBJ 42 Kent Johnson
57%
TOR 56 Nicholas Robertson
57%
TBL 81 Brayden Point
55%
PHI 67 Erik Johnson
55%
COL 80 Jack Johnson
55%
DAL 54 Jake Oettinger
55%
NYR 27 Jonathan Quick
55%
PIT 82 Kris Letang
55%
NYI 80 Mathew Barzal
55%
NYR 81 Mika Zibanejad
55%
COL 80 Mikko Rantanen
55%
BUF 76 Owen Power
55%
ANA 66 Radko Gudas
55%
CGY 78 Rasmus Andersson
55%
CHI 42 Reese Johnson
55%
BUF 41 Ryan Johnson
55%
CHI 67 Tyler Johnson
55%
COL 25 Caleb Jones
53%
BOS 74 Charlie McAvoy
53%
ARI 78 Clayton Keller
53%
EDM 54 Corey Perry
53%
CAR 16 Frederik Andersen
53%
ANA 46 John Gibson
53%
TOR 80 John Tavares
53%
TOR 25 Joseph Woll
53%
NSH 64 Juuse Saros
53%
TOR 22 Martin Jones
53%
NYI 57 Matt Martin
53%
ANA 52 Max Jones
53%
CHI 67 Seth Jones
53%
VAN 51 Thatcher Demko
53%
OTT 75 Tim Stutzle
53%
PIT 51 Tristan Jarry
53%
TBL 78 Victor Hedman
53%
NYR 31 Zachary Jones
53%
NYR 82 Chris Kreider
51%
VAN 78 Ian Cole
51%
NYI 56 Ilya Sorokin
51%
VGK 63 Jack Eichel
51%
CAR 67 Jake Guentzel
51%
CHI 55 Joey Anderson
51%
CAR 80 Jordan Staal
51%
MTL 78 Josh Anderson
51%
MTL 82 Juraj Slafkovsky
51%
PHI 35 Marc Staal
51%
LAK 74 Michael Anderson
51%
NJD 71 Nico Hischier
51%
CBJ 18 Patrik Laine
51%
NSH 82 Roman Josi
51%
NSH 82 Ryan O'Reilly
51%
CAR 19 Spencer Martin
51%
CAR 59 Andrei Svechnikov
49%
VAN 81 Brock Boeser
49%
NYR 17 Matt Rempe
49%
FLA 82 Sam Reinhart
49%
COL 63 Alexandar Georgiev
47%
NYR 82 Alexis Lafreniere
47%
CAR 82 Brent Burns
47%
VAN 75 Elias Lindholm
47%
TOR 40 Ilya Samsonov
47%
CGY 48 Jacob Markstrom
47%
ANA 55 Leo Carlsson
47%
CGY 82 Nazem Kadri
47%
NYI 81 Anders Lee
45%
PHI 26 Carter Hart
45%
EDM 71 Connor Brown
45%
BOS 73 Hampus Lindholm
45%
ARI 51 Joshua Brown
45%
DET 82 Lucas Raymond
45%
WPG 74 Mark Scheifele
45%
EDM 79 Mattias Ekholm
45%
TOR 80 Max Domi
45%
NYI 61 Mike Reilly
45%
BOS 11 Patrick Brown
45%
TOR 49 Ryan Reaves
45%
DAL 68 Tyler Seguin
45%
FLA 51 Aaron Ekblad
43%
PIT 62 Bryan Rust
43%
VAN 29 Casey DeSmith
43%
SJS 6 Devin Cooley
43%
OTT 82 Jacob Chychrun
43%
CGY 81 Jonathan Huberdeau
43%
VGK 82 Jonathan Marchessault
43%
LAK 82 Kevin Fiala
43%
ARI 82 Logan Cooley
43%
LAK 82 Pierre-Luc Dubois
43%
MTL 41 Samuel Montembeault
43%
VGK 35 Adin Hill
41%
LAK 7 Akil Thomas
41%
DET 82 Alex DeBrincat
41%
EDM 23 Calvin Pickard
41%
LAK 54 Cam Talbot
41%
VAN 82 Conor Garland
41%
BOS 80 Jake DeBrusk
41%
STL 57 Jordan Binnington
41%
NYR 61 Kaapo Kakko
41%
ANA 44 Lukas Dostal
41%
CAR 77 Martin Necas
41%
DET 82 Moritz Seider
41%
LAK 80 Quinton Byfield
41%
STL 82 Robert Thomas
41%
DAL 80 Roope Hintz
41%
ANA 68 Ross Johnston
41%
FLA 69 Sam Bennett
41%
CHI 10 Taylor Hall
41%
VGK 54 Tomas Hertl
41%
PHI 76 Travis Konecny
41%
TOR 80 Tyler Bertuzzi
41%
DAL 82 Wyatt Johnston
41%
SEA 81 Adam Larsson
39%
FLA 27 Anthony Stolarz
39%
FLA 66 Brandon Montour
39%
SEA 66 Brandon Tanev
39%
BOS 82 Charlie Coyle
39%
DAL 75 Christopher Tanev
39%
LAK 82 Drew Doughty
39%
VAN 81 Filip Hronek
39%
EDM 5 Jack Campbell
39%
WSH 82 John Carlson
39%
FLA 67 Kyle Okposo
39%
SJS 6 Logan Couture
39%
NJD 45 Michael McLeod
39%
EDM 1 Philip Kemp
39%
SEA 36 Philipp Grubauer
39%
EDM 81 Ryan McLeod
39%
PHI 74 Sean Couturier
39%
WPG 83 Sean Monahan
39%
NYR 82 Vincent Trocheck
39%
FLA 76 Vladimir Tarasenko
39%
CBJ 70 Zachary Werenski
39%
EDM 82 Adam Henrique
37%
TBL 73 Anthony Duclair
37%
COL 45 Artturi Lehkonen
37%
FLA 76 Carter Verhaeghe
37%
BUF 23 Devon Levi
37%
CAR 81 Jaccob Slavin
37%
NJD 82 Jesper Bratt
37%
DET 38 Justin Holl
37%
SJS 44 Mackenzie Blackwood
37%
TOR 80 Matthew Knies
37%
DAL 71 Miro Heiskanen
37%
TOR 72 Morgan Rielly
37%
COL 2 Ondrej Pavel
37%
BOS 78 Pavel Zacha
37%
NYI 28 Semyon Varlamov
37%
CGY 79 Tyler Toffoli
37%
BUF 54 Ukko-Pekka Luukkonen
37%
SEA 59 Vince Dunn
37%
BUF 75 Alex Tuch
35%
VAN 4 Arturs Silovs
35%
CBJ 58 Boone Jenner
35%
STL 82 Brayden Schenn
35%
ANA 81 Cam Fowler
35%
OTT 82 Claude Giroux
35%
ANA 1 Cutter Gauthier
35%
NJD 20 Dougie Hamilton
35%
NJD 34 Jake Allen
35%
TOR 73 Jake McCabe
35%
DAL 82 Joe Pavelski
35%
TBL 26 Jonas Johansson
35%
SEA 78 Jordan Eberle
35%
NYI 27 Julien Gauthier
35%
NSH 63 Luke Schenn
35%
MIN 55 Marcus Foligno
35%
MIN 78 Marcus Johansson
35%
DAL 80 Matt Duchene
35%
TBL 34 Mikhail Sergachev
35%
CHI 74 Nick Foligno
35%
WPG 82 Nikolaj Ehlers
35%
CHI 56 Petr Mrazek
35%
CAR 81 Seth Jarvis
35%
WSH 52 TJ Oshie
35%
ANA 76 Troy Terry
35%
VAN 77 Tyler Myers
35%
DET 3 Zach Aston-Reese
35%
LAK 77 Adrian Kempe
33%
FLA 78 Anton Lundell
33%
NYI 81 Bo Horvat
33%
EDM 79 Cody Ceci
33%
PIT 79 Drew O'Connor
33%
BUF 79 Dylan Cozens
33%
EDM 38 Dylan Holloway
33%
WSH 82 Dylan Strome
33%
FLA 79 Gustav Forsling
33%
MTL 82 Jake Evans
33%
PHI 34 Jamie Drysdale
33%
BUF 82 John-Jason Peterka
33%
COL 79 Jonathan Drouin
33%
WPG 81 Joshua Morrissey
33%
COL 57 Logan O'Connor
33%
MIN 69 Mats Zuccarello
33%
FLA 69 Nick Cousins
33%
VAN 75 Nikita Zadorov
33%
TBL 5 Philippe Myers
33%
ANA 79 Ryan Strome
33%
SEA 36 Ryker Evans
33%
NJD 69 Timo Meier
33%
NYI 82 Brock Nelson
31%
TBL 59 Calvin De Haan
31%
WSH 50 Charlie Lindgren
31%
FLA 80 Evan Rodrigues
31%
ANA 82 Frank Vatrano
31%
DET 73 Jeff Petry
31%
MTL 23 Joshua Roy
31%
PIT 82 Lars Eller
31%
OTT 72 Mathieu Joseph
31%
MIN 75 Matthew Boldy
31%
LAK 81 Matt Roy
31%
VGK 70 Nicolas Roy
31%
NJD 71 Ondrej Palat
31%
PIT 52 Pierre-Olivier Joseph
31%
PIT 70 Rickard Rakell
31%
NYR 76 Ryan Lindgren
31%
CAR 81 Stefan Noesen
31%
WSH 74 Tom Wilson
31%
COL 54 Valeri Nichushkin
31%
CGY 72 Andrei Kuzmenko
29%
MTL 44 Arber Xhekaj
29%
NYR 80 Barclay Goodrow
29%
TBL 82 Brandon Hagel
29%
CAR 70 Brett Pesce
29%
MTL 28 Colin White
29%
WSH 33 Darcy Kuemper
29%
CBJ 41 Elvis Merzlikins
29%
VAN 78 Ilya Mikheyev
29%
DET 25 James Reimer
29%
SEA 80 Jared McCann
29%
MIN 16 Jared Spurgeon
29%
NYI 82 Jean-Gabriel Pageau
29%
NJD 57 Jonas Siegenthaler
29%
OTT 55 Joonas Korpisalo
29%
CAR 82 Jordan Martinook
29%
ARI 38 Karel Vejmelka
29%
STL 39 Matthew Kessel
29%
CGY 82 Mikael Backlund
29%
TBL 82 Nicolas Paul
29%
VGK 80 Noah Hanifin
29%
SEA 8 Shane Wright
29%
SEA 70 Tomas Tatar
29%
DET 19 Ville Husso
29%
CHI 76 Alex Vlasic
27%
BUF 73 Bowen Byram
27%
BOS 76 Brandon Carlo
27%
COL 80 Casey Mittelstadt
27%
CBJ 77 Cole Sillinger
27%
VAN 63 Dakota Joshua
27%
WPG 39 David Gustafsson
27%
NYR 76 Erik Gustafsson
27%
DAL 82 Esa Lindell
27%
SJS 82 Fabian Zetterlund
27%
BUF 27 Jack Quinn
27%
MTL 2 Lane Hutson
27%
SJS 57 Marc-Edouard Vlasic
27%
SEA 77 Matthew Beniers
27%
SJS 69 Mikael Granlund
27%
WSH 8 Nicklas Backstrom
27%
VAN 80 Nils Hoglander
27%
EDM 12 Philip Broberg
27%
CAR 76 Teuvo Teravainen
27%
SJS 80 William Eklund
27%
NJD 19 Akira Schmid
25%
VGK 64 Alex Pietrangelo
25%
TBL 79 Anthony Cirelli
25%
DET 77 Ben Chiarot
25%
BUF 2 Brett Murray
25%
MIN 82 Brock Faber
25%
TOR 52 Calle Jarnkrok
25%
MTL 23 Cayden Primeau
25%
WPG 71 Cole Perfetti
25%
ARI 50 Connor Ingram
25%
TOR 78 David Kampf
25%
NJD 82 Dawson Mercer
25%
ARI 45 Dylan Guenther
25%
TBL 69 Erik Cernak
25%
NJD 76 Erik Haula
25%
CAR 63 Evgeny Kuznetsov
25%
MIN 45 Filip Gustavsson
25%
BOS 71 James Van Riemsdyk
25%
CAR 79 Jesperi Kotkaniemi
25%
STL 82 Jordan Kyrou
25%
NJD 37 Kaapo Kahkonen
25%
NJD 82 Kevin Bahl
25%
MTL 2 Kirby Dach
25%
ANA 64 Mason McTavish
25%
TBL 76 Matt Dumba
25%
DAL 1 Matt Murray
25%
COL 74 Miles Wood
25%
NYI 79 Noah Dobson
25%
BOS 51 Patrick Maroon
25%
ARI 76 Sean Durzi
25%
OTT 41 Shane Pinto
25%
OTT 51 Thomas Chabot
25%
WSH 70 Trevor van Riemsdyk
25%
CGY 1 Yan Kuznetsov
25%
CBJ 35 Adam Boqvist
24%
NYI 58 Adam Pelech
24%
NYR 79 Alexander Wennberg
24%
NSH 73 Alexandre Carrier
24%
ANA 63 Alex Killorn
24%
DET 44 Alex Lyon
24%
CGY 75 Andrew Mangiapane
24%
CGY 78 Blake Coleman
24%
NYR 82 Braden Schneider
24%
MTL 77 Brendan Gallagher
24%
WPG 77 Brenden Dillon
24%
PHI 70 Cam Atkinson
24%
CGY 20 Daniel Vladar
24%
EDM 70 Derek Ryan
24%
OTT 79 Jake Sanderson
24%
BOS 47 Jesper Boqvist
24%
MTL 62 Johnathan Kovacevic
24%
ARI 11 Josh Doan
24%
OTT 50 Joshua Norris
24%
NYI 82 Kyle Palmieri
24%
MIN 82 Marco Rossi
24%
TOR 46 Mark Giordano
24%
EDM 71 Mattias Janmark
24%
MTL 82 Michael Matheson
24%
DET 75 Michael Rasmussen
24%
BOS 76 Morgan Geekie
24%
DET 72 Olli Maatta
24%
STL 80 Pavel Buchnevich
24%
WSH 68 Rasmus Sandin
24%
NYI 58 Ryan Pulock
24%
COL 59 Samuel Girard
24%
DAL 32 Scott Wedgewood
24%
EDM 78 Vincent Desharnais
24%
SJS 32 Vitek Vanecek
24%
EDM 82 Warren Foegele
24%
VGK 39 William Carrier
24%
SEA 80 Yanni Gourde
24%
NJD 82 Alexander Holtz
22%
NYR 54 Blake Wheeler
22%
EDM 82 Brett Kulak
22%
NYI 82 Cal Clutterbuck
22%
VGK 75 Chandler Stephenson
22%
NJD 71 Curtis Lazar
22%
OTT 82 Drake Batherson
22%
CGY 17 Dustin Wolf
22%
FLA 82 Eetu Luostarinen
22%
COL 57 Fredrik Olofsson
22%
SEA 1 Gustav Olofsson
22%
CBJ 82 Ivan Provorov
22%
MTL 66 Joel Armia
22%
SEA 50 Joey Daccord
22%
STL 79 Kevin Hayes
22%
ARI 81 Lawson Crouse
22%
ARI 75 Liam O'Brien
22%
CGY 82 Mackenzie Weegar
22%
PIT 81 Michael Bunting
22%
MTL 23 Michell Stephens
22%
PHI 71 Morgan Frost
22%
STL 45 Nathan Walker
22%
WPG 82 Neal Pionk
22%
ANA 26 Olen Zellweger
22%
PHI 78 Owen Tippett
22%
CHI 75 Philipp Kurashev
22%
VAN 67 Pius Suter
22%
FLA 75 Ryan Lomberg
22%
DAL 82 Ryan Suter
22%
MIN 4 Samuel Walker
22%
COL 81 Sean Walker
22%
DET 81 Shayne Gostisbehere
22%
VAN 68 Teddy Blueger
22%
TOR 55 Timothy Liljegren
22%
TOR 78 TJ Brodie
22%
BOS 82 Trent Frederic
22%
LAK 82 Trevor Moore
22%
BUF 51 Victor Olofsson
22%
LAK 18 Viktor Arvidsson
22%
CBJ 49 Adam Fantilli
20%
NYI 81 Alexander Romanov
20%
CHI 32 Arvid Soderblom
20%
CAR 80 Brady Skjei
20%
SEA 80 Brian Dumoulin
20%
STL 82 Colton Parayko
20%
CHI 46 Connor Murphy
20%
TBL 82 Darren Raddysh
20%
DET 76 David Perron
20%
CAR 82 Dmitry Orlov
20%
SEA 81 Eeli Tolvanen
20%
CBJ 78 Erik Gudbranson
20%
SJS 2 Georgi Romanov
20%
NSH 81 Gustav Nyquist
20%
ANA 81 Jacob Silfverberg
20%
SEA 62 Jaden Schwartz
20%
MIN 80 Jake Middleton
20%
SEA 82 Jamie Oleksiak
20%
NYR 80 Jimmy Vesey
20%
TOR 14 John Klingberg
20%
NJD 75 John Marino
20%
MIN 62 Jonas Brodin
20%
MTL 48 Justin Barron
20%
CHI 76 Kevin Korchinski
20%
NSH 24 Kevin Lankinen
20%
BOS 61 Kevin Shattenkirk
20%
WSH 6 Lucas Johansen
20%
WPG 82 Mason Appleton
20%
DAL 81 Mason Marchment
20%
BUF 41 Mattias Samuelsson
20%
CAR 1 Maxime Comtois
20%
WPG 80 Morgan Barron
20%
NJD 21 Nico Daws
20%
PHI 31 Rasmus Ristolainen
20%
NYI 27 Robert Bortuzzo
20%
COL 80 Ross Colton
20%
PIT 70 Ryan Graves
20%
PHI 63 Ryan Johansen
20%
PHI 51 Samuel Ersson
20%
VGK 47 Shea Theodore
20%
NJD 60 Simon Nemec
20%
CHI 73 Taylor Raddysh
20%
NSH 41 Tyson Barrie
20%
VAN 19 Vasily Podkolzin
20%
CGY 82 Yegor Sharangovich
20%
STL 9 Zach Dean
20%
ARI 82 Alexander Kerfoot
18%
CBJ 78 Alexandre Texier
18%
LAK 81 Alex Laferriere
18%
PIT 38 Alex Nedeljkovic
18%
DET 79 Andrew Copp
18%
NSH 60 Anthony Beauvillier
18%
VAN 8 Arshdeep Bains
18%
TOR 56 Bobby McMann
18%
MTL 30 Christian Dvorak
18%
WSH 80 Connor McMichael
18%
MTL 60 David Savard
18%
WPG 47 Gabriel Vilardi
18%
PIT 72 Jeff Carter
18%
MTL 59 Jesse Ylonen
18%
TOR 53 Joel Edmundson
18%
MTL 56 Jordan Harris
18%
COL 14 Justus Annunen
18%
MTL 70 Kaiden Guhle
18%
NSH 68 Kiefer Sherwood
18%
CBJ 78 Kirill Marchenko
18%
NJD 45 Kurtis MacDermid
18%
NSH 80 Luke Evangelista
18%
CBJ 1 Malcolm Subban
18%
SJS 78 Mario Ferraro
18%
PHI 60 Nicolas Deslauriers
18%
SEA 82 Oliver Bjorkstrand
18%
LAK 78 Phillip Danault
18%
OTT 72 Ridly Greig
18%
NSH 74 Ryan McDonagh
18%
WSH 49 Sonny Milano
18%
DAL 79 Thomas Harley
18%
PHI 81 Travis Sanheim
18%
NSH 2 Yaroslav Askarov
18%
BUF 71 Zach Benson
18%
BUF 63 Zemgus Girgensons
18%
WPG 81 Adam Lowry
16%
ARI 33 Barrett Hayton
16%
STL 82 Brandon Saad
16%
LAK 16 Brandt Clarke
16%
NJD 4 Cal Foote
16%
PHI 82 Cam York
16%
NSH 41 Cody Glass
16%
NSH 56 Dante Fabbro
16%
BOS 74 Danton Heinen
16%
LAK 24 David Rittich
16%
CGY 43 Dillon Dube
16%
BUF 10 Eric Comrie
16%
NJD 3 Graeme Clarke
16%
BUF 74 Henri Jokiharju
16%
CAR 74 Jack Drury
16%
CAR 72 Jalen Chatfield
16%
PHI 82 Joel Farabee
16%
COL 76 Josh Manson
16%
CHI 65 Lukas Reichel
16%
BOS 41 Mason Lohrei
16%
WSH 47 Max Pacioretty
16%
ARI 79 Nick Schmaltz
16%
FLA 82 Niko Mikkola
16%
NJD 4 Nolan Foote
16%
ARI 1 Patrik Koch
16%
WSH 3 Pierrick Dube
16%
DAL 77 Sam Steel
16%
PHI 82 Scott Laughton
16%
DET 16 Simon Edvinsson
16%
STL 77 Torey Krug
16%
EDM 54 Troy Stecher
16%
MTL 55 Alex Newhook
14%
LAK 20 Alex Turcotte
14%
COL 75 Andrew Cogliano
14%
OTT 69 Artem Zub
14%
VAN 40 Carson Soucy
14%
NYI 70 Casey Cizikas
14%
NSH 81 Colton Sissons
14%
BUF 79 Connor Clifton
14%
CGY 63 Connor Zary
14%
BOS 35 Derek Forbort
14%
FLA 76 Dmitry Kulikov
14%
CHI 3 Frank Nazar
14%
STL 21 Jakub Vrana
14%
NSH 69 Jason Zucker
14%
NSH 79 Jeremy Lauzon
14%
STL 30 Joel Hofer
14%
COL 56 Joel Kiviranta
14%
BUF 67 Jordan Greenway
14%
DET 80 Joseph Veleno
14%
STL 73 Kasperi Kapanen
14%
WPG 23 Laurent Brossoit
14%
MTL 1 Logan Mailloux
14%
BOS 63 Matt Grzelcyk
14%
BUF 1 Matthew Savoie
14%
SJS 63 Nico Sturm
14%
NYI 32 Oliver Wahlstrom
14%
VGK 76 Paul Cotter
14%
BUF 80 Peyton Krebs
14%
VAN 51 Phillip Di Giuseppe
14%
NYI 74 Pierre Engvall
14%
MTL 45 Rafael Harvey-Pinard
14%
MIN 74 Ryan Hartman
14%
PHI 77 Ryan Poehling
14%
PIT 31 Ryan Shea
14%
EDM 77 Sam Carrick
14%
VAN 79 Sam Lafferty
14%
NYI 41 Scott Mayfield
14%
NJD 36 Tomas Nosek
14%
LAK 82 Trevor Lewis
14%
NYR 81 Will Cuylle
14%
EDM 24 Adam Erne
12%
CGY 59 AJ Greer
12%
VGK 55 Alec Martinez
12%
WPG 82 Alex Iafallo
12%
SEA 49 Andre Burakovsky
12%
BOS 38 Andrew Peeke
12%
CAR 31 Anthony Deangelo
12%
BOS 9 Anthony Richard
12%
ANA 23 Ben Meyers
12%
PHI 57 Bobby Brink
12%
CAR 32 Brendan Lemieux
12%
CBJ 14 Carson Meyer
12%
NJD 52 Chris Tierney
12%
MIN 12 Daemon Hunt
12%
CBJ 67 Damon Severson
12%
CBJ 24 Daniil Tarasov
12%
CGY 28 Dryden Hunt
12%
DAL 51 Evgeni Dadonov
12%
NYR 10 Filip Chytil
12%
SJS 72 Filip Zadina
12%
PHI 82 Garnet Hathaway
12%
ANA 46 Gustav Lindstrom
12%
VGK 82 Ivan Barbashev
12%
PHI 3 Ivan Fedotov
12%
DET 63 Jake Walman
12%
CGY 13 Jakob Pelletier
12%
CBJ 9 Jet Greaves
12%
ARI 80 JJ Moser
12%
ARI 68 Juuso Valimaki
12%
FLA 81 Kevin Stenlund
12%
DAL 24 Logan Stankoven
12%
NYR 1 Louis Domingue
12%
SJS 77 Luke Kunin
12%
SJS 9 Magnus Chrona
12%
NJD 18 Max Willman
12%
ARI 65 Michael Kesselring
12%
SJS 66 Mike Hoffman
12%
BOS 4 Milan Lucic
12%
WPG 63 Nate Schmidt
12%
NJD 54 Nathan Bastian
12%
TBL 77 Nick Perbix
12%
WPG 77 Nino Niederreiter
12%
OTT 80 Parker Kelly
12%
ANA 63 Pavel Mintyukov
12%
SEA 40 Pierre-Edouard Bellemare
12%
DET 68 Robby Fabbri
12%
TOR 64 Simon Benoit
12%
NYI 75 Simon Holmstrom
12%
MTL 54 Tanner Pearson
12%
SJS 30 Ty Emberson
12%
CBJ 53 Yegor Chinakhov
12%
VGK 61 Zach Whitecloud
12%
NYR 11 Adam Edstrom
10%
CHI 28 Andreas Athanasiou
10%
VGK 74 Anthony Mantha
10%
VGK 82 Brayden McNabb
10%
PHI 5 Cal Petersen
10%
DET 79 Christian Fischer
10%
TOR 25 Conor Timmins
10%
DET 76 Daniel Sprong
10%
CGY 34 Dennis Gilbert
10%
TOR 4 Fraser Minten
10%
BOS 13 Ian Mitchell
10%
TOR 74 Ilya Lyubushkin
10%
ARI 66 Jack McBain
10%
NYR 59 Jack Roslovic
10%
CAR 1 Jackson Blake
10%
ANA 71 Jackson LaCombe
10%
SJS 6 Jacob Peterson
10%
DAL 64 Jani Hakanpaa
10%
CAR 73 Jesper Fast
10%
BOS 52 John Beecher
10%
LAK 71 Jordan Spence
10%
DET 77 JT Compher
10%
SJS 59 Justin Bailey
10%
SEA 59 Kailer Yamamoto
10%
VGK 79 Keegan Kolesar
10%
BOS 33 Matthew Poitras
10%
PIT 22 Matt Nieto
10%
NSH 70 Michael McCarron
10%
MTL 61 Michael Pezzetta
10%
ARI 76 Nick Bjugstad
10%
VGK 73 Nicolas Hague
10%
VAN 43 Nils Aman
10%
PHI 59 Noah Cates
10%
TOR 63 Noah Gregor
10%
CGY 33 Oliver Kylington
10%
BOS 34 Oskar Steen
10%
BOS 41 Parker Wotherspoon
10%
NSH 41 Philip Tomasino
10%
TOR 54 Pontus Holmberg
10%
DAL 74 Radek Faksa
10%
NYR 1 Riley Nash
10%
NSH 71 Thomas Novak
10%
ARI 50 Travis Dermott
10%
OTT 48 Travis Hamonic
10%
PHI 77 Tyson Foerster
10%
LAK 77 Vladislav Gavrikov
10%
PHI 66 Yegor Zamula
10%
COL 30 Zach Parise
10%
TBL 36 Alex Barre-Boulet
8%
WSH 78 Aliaksei Protas
8%
LAK 51 Arthur Kaliyev
8%
WSH 81 Beck Malenstyn
8%
SEA 2 Chris Driedger
8%
CHI 44 Colin Blackwell
8%
TOR 74 Connor Dewar
8%
TBL 57 Conor Sheary
8%
CBJ 75 Dmitri Voronkov
8%
BUF 47 Eric Robinson
8%
OTT 76 Erik Brannstrom
8%
PHI 5 Felix Sandstrom
8%
WSH 51 Hendrix Lapierre
8%
CHI 33 Isaak Phillips
8%
OTT 72 Jacob Bernard-Docker
8%
BUF 36 Jacob Bryson
8%
MIN 3 Jesper Wallstedt
8%
MIN 65 Jon Merrill
8%
STL 60 Justin Faulk
8%
SJS 46 Kevin Labanc
8%
WSH 66 Martin Fehervary
8%
CBJ 54 Mathieu Olivier
8%
ARI 82 Matias Maccelli
8%
CGY 34 Matthew Coronato
8%
WSH 31 Matthew Phillips
8%
TBL 81 Michael Eyssimont
8%
NJD 34 Nick DeSimone
8%
STL 82 Nick Leddy
8%
PHI 71 Nick Seeler
8%
VAN 54 Noah Juulsen
8%
PIT 55 Noel Acciari
8%
LAK 8 Pheonix Copley
8%
NYI 34 Samuel Bolduc
8%
NJD 12 Santeri Hatakka
8%
STL 54 Scott Perunovich
8%
CBJ 62 Sean Kuraly
8%
TBL 55 Tanner Jeannot
8%
ANA 7 Tristan Luneau
8%
TBL 69 Tyler Motte
8%
BUF 43 Tyson Jost
8%
SEA 82 William Borgen
8%
STL 25 Zachary Bolduc
8%
OTT 30 Zack McEwen
8%
PHI 9 Adam Ginning
6%
TOR 1 Alex Steeves
6%
CAR 1 Bradly Nadeau
6%
COL 80 Brandon Duhaime
6%
ANA 68 Brett Leason
6%
ANA 24 Brock McGinn
6%
PHI 18 Denis Gurianov
6%
OTT 74 Dominik Kubalik
6%
WPG 82 Dylan DeMelo
6%
ANA 46 Isac Lundestrom
6%
PIT 14 Jack St. Ivany
6%
SJS 34 Jacob MacDonald
6%
STL 77 Jake Neighbours
6%
BOS 60 Jakub Lauko
6%
SJS 69 Jan Rutta
6%
CHI 82 Jason Dickinson
6%
MTL 56 Jayden Struble
6%
BUF 1 Jiri Kulich
6%
CGY 42 Joel Hanley
6%
FLA 39 Jonah Gadjovich
6%
NYR 57 Jonny Brodzinski
6%
MIN 1 Jujhar Khaira
6%
BOS 19 Justin Brazeau
6%
SEA 70 Justin Schultz
6%
SJS 52 Klim Kostin
6%
BUF 3 Kyle Clague
6%
OTT 6 Mads Sogaard
6%
NSH 32 Mark Jankowski
6%
TBL 6 Matt Tomkins
6%
WSH 78 Nick Jensen
6%
DAL 59 Nils Lundkvist
6%
STL 71 Oskar Sundqvist
6%
EDM 7 Raphael Lavoie
6%
CHI 9 Rem Pitlick
6%
ANA 5 Robert Hagg
6%
PHI 12 Ronnie Attard
6%
SJS 62 Ryan Carpenter
6%
STL 53 Samuel Blais
6%
PIT 3 Samuel Poulin
6%
CAR 2 Scott Morrow
6%
FLA 38 Steven Lorentz
6%
DAL 42 Ty Dellandrea
6%
NYR 34 Tyler Pitlick
6%
STL 26 Tyler Tucker
6%
ANA 68 Urho Vaakanainen
6%
PIT 52 Valtteri Puustinen
6%
PHI 1 Victor Mete
6%
ARI 3 Victor Soderstrom
6%
WPG 78 Vladislav Namestikov
6%
ANA 40 William Lagesson
6%
COL 76 Yakov Trenin
6%
ARI 42 Adam Ruzicka
4%
VAN 3 Akito Hirose
4%
SJS 46 Alexander Barabanov
4%
STL 82 Alexey Toropchenko
4%
TBL 33 Austin Watson
4%
VGK 41 Ben Hutton
4%
ANA 45 Benoit-Olivier Groulx
4%
LAK 62 Blake Lizotte
4%
OTT 59 Boris Katchouk
4%
BUF 5 Brandon Biro
4%
CGY 50 Brayden Pachal
4%
NJD 2 Brian Halonen
4%
STL 6 Calle Rosen
4%
LAK 50 Carl Grundstrom
4%
NYR 52 Chad Ruhwedel
4%
CGY 24 Daniil Miromanov
4%
CBJ 43 David Jiricek
4%
MIN 31 Declan Chisholm
4%
WPG 78 Dylan Samberg
4%
PHI 4 Emil Andrae
4%
CBJ 1 Gavin Brindley
4%
NYI 2 Grant Hutton
4%
SJS 51 Henry Thrun
4%
NYI 45 Hudson Fasching
4%
CGY 10 Ilya Solovyov
4%
BUF 7 Isak Rosen
4%
SJS 22 Jack Studnicka
4%
EDM 31 James Hamblin
4%
NSH 31 Jaret Anderson-Dolan
4%
CHI 52 Jarred Tinordi
4%
VGK 6 Jiri Patera
4%
SEA 2 John Hayden
4%
PIT 33 John Ludvig
4%
DET 12 Jonatan Berggren
4%
CGY 22 Jordan Oesterle
4%
CBJ 71 Justin Danforth
4%
NYI 1 Ken Appleby
4%
CGY 33 Kevin Rooney
4%
SJS 73 Kyle Burroughs
4%
NYI 32 Kyle MacLean
4%
MIN 4 Liam Ohgren
4%
WPG 25 Logan Stanley
4%
PHI 12 Louis Belpedio
4%
TBL 81 Luke Glendening
4%
FLA 3 Magnus Hellberg
4%
ARI 1 Maksymilian Szuber
4%
BOS 1 Marc McLaughlin
4%
STL 65 Marco Scandella
4%
VAN 23 Mark Friedman
4%
OTT 63 Mark Kastelic
4%
CGY 63 Martin Pospisil
4%
SJS 14 Matthew Benning
4%
WSH 64 Nic Dowd
4%
NYR 45 Nick Bonino
4%
WPG 1 Nikita Chibrikov
4%
CHI 38 Nikita Zaitsev
4%
PHI 18 Olle Lycksell
4%
VGK 47 Pavel Dorofeyev
4%
CAR 42 Pyotr Kotchetkov
4%
WPG 28 Rasmus Kupari
4%
PHI 1 Rhett Gardner
4%
CHI 78 Ryan Donato
4%
EDM 28 Sam Gagner
4%
COL 23 Sam Malinski
4%
NSH 20 Spencer Stastney
4%
SJS 27 Thomas Bordeleau
4%
FLA 4 Tobias Bjornfot
4%
FLA 26 Uvis Balinskis
4%
PIT 2 Vasili Ponomarev
4%
ARI 5 Vladislav Kolyachonok
4%
CHI 32 Wyatt Kaiser
4%
MIN 65 Zach Bogosian
4%
MIN 11 Adam Beckman
2%
STL 2 Adam Gaudette
2%
CGY 6 Adam Klapka
2%
ARI 1 Aku Raty
2%
WSH 39 Alexander Alexeyev
2%
DAL 1 Alex Petrovic
2%
LAK 82 Andreas Englund
2%
NYR 1 Anton Blidh
2%
DET 34 Austin Czarnik
2%
WPG 26 Axel Jonsson-Fjallby
2%
OTT 6 Bokondji Imama
2%
WPG 1 Brad Lambert
2%
CBJ 24 Brandon Gaunce
2%
MTL 7 Brandon Gignac
2%
VGK 15 Brendan Brisson
2%
NYR 3 Brennan Othmann
2%
VGK 72 Brett Howden
2%
SJS 72 Calen Addison
2%
CAR 1 Callahan Burke
2%
CBJ 1 Cameron Butler
2%
COL 13 Chris Wagner
2%
VAN 1 Cole McWard
2%
CGY 4 Cole Schwindt
2%
SJS 7 Colin Graf
2%
NYR 1 Connor Mackey
2%
MIN 47 Dakota Mermis
2%
DAL 5 Derrick Pouliot
2%
NSH 2 Egor Afanasyev
2%
PIT 56 Emil Bemstrom
2%
MTL 4 Emil Heineman
2%
TBL 37 Emil Martinsen Lilleberg
2%
CHI 4 Filip Roos
2%
BOS 4 Georgi Merkulov
2%
VGK 6 Grigori Denisenko
2%
WSH 6 Hardy Haman Aktell
2%
COL 11 Ivan Prosvetov
2%
MIN 40 Jacob Lucchini
2%
CBJ 12 Jake Christiansen
2%
NYR 1 Jake Leschyshyn
2%
ARI 5 Jan Jenik
2%
PIT 45 Jansen Harkins
2%
CHI 44 Jaycob Megna
2%
BOS 1 Jayson Megna
2%
OTT 20 Jiri Smejkal
2%
PIT 4 Joona Koppanen
2%
FLA 30 Josh Mahura
2%
ARI 2 Justin Kirkland
2%
NSH 44 Juuso Parssinen
2%
VGK 26 Kaedan Korczak
2%
CHI 24 Louis Crevier
2%
MTL 3 Lucas Condotta
2%
VGK 2 Lukas Cormier
2%
BUF 15 Lukas Rousek
2%
CHI 67 Mackenzie Entwistle
2%
NSH 9 Marc Del Gaizo
2%
PIT 1 Marc Johnstone
2%
TOR 2 Marshall Rifai
2%
VGK 9 Mason Morelli
2%
MIN 20 Mason Shaw
2%
ARI 2 Matt Villalta
2%
DAL 1 Mavrik Bourque
2%
TOR 7 Maxime Lajoie
2%
SEA 1 Max McCormick
2%
TBL 13 Maxwell Crozier
2%
VGK 73 Michael Amadio
2%
ARI 74 Michael Carcone
2%
DET 1 Michael Hutchinson
2%
WSH 25 Michael Sgarbossa
2%
ARI 10 Milos Kelemen
2%
SJS 10 Milos Knyzhov
2%
TBL 30 Mitchell Chaffee
2%
CBJ 12 Nick Blankenburg
2%
ANA 3 Nikita Nesterenko
2%
CGY 52 Nikita Okhotiuk
2%
COL 1 Oskar Olausson
2%
ANA 5 Pavol Regenda
2%
PIT 33 Radim Zohorna
2%
OTT 7 Roby Jarventie
2%
NYI 1 Ruslan Iskhakov
2%
LAK 8 Samuel Fagemo
2%
VGK 9 Sheldon Rempal
2%
ARI 16 Travis Boyd
2%
CBJ 11 Trey Fix-Wolansky
2%
MIN 46 Vinni Lettieri
2%
CGY 40 Walker Duehr
2%
MIN 5 Adam Raska
0%
MIN 36 Alex Goligoski
0%
SEA 2 Andrew Poturalski
0%
OTT 13 Angus Crookshank
0%
NYR 1 Brandon Scanlin
0%
CHI 4 Brett Seney
0%
VGK 16 Byron Froese
0%
ARI 1 Cameron Crotty
0%
CHI 27 Cole Guttman
0%
TBL 9 Cole Koepke
0%
SJS 4 Daniil Gushchin
0%
TBL 1 Declan Carlile
0%
SEA 21 Devin Shore
0%
WPG 15 Dominic Toninato
0%
CAR 1 Dylan Coghlan
0%
WSH 3 Dylan McIlrath
0%
CHI 2 Ethan Del Mastro
0%
TBL 2 Gage Goncalves
0%
ANA 1 Glenn Gawdin
0%
STL 5 Hugh McGing
0%
WSH 4 Hunter Shepard
0%
WSH 21 Ivan Miroshinichenko
0%
LAK 24 Jacob Moverare
0%
CBJ 11 James Malatesta
0%
COL 7 Jason Polin
0%
COL 4 Jean-Luc Foudy
0%
PIT 22 Jesse Juljujarvi
0%
WSH 3 Joe Snively
0%
ARI 6 John Leonard
0%
VGK 20 Jonas Rondbjerg
0%
PIT 13 Jonathan Gruden
0%
NJD 2 Justin Dowling
0%
FLA 3 Justin Sourdif
0%
CHI 16 Landon Slaggert
0%
NSH 13 Liam Foudy
0%
SEA 4 Logan Morrison
0%
CBJ 1 Luca Del Bel Belluz
0%
STL 8 Mackenzie MacEachern
0%
FLA 7 Mackie Samoskevich
0%
MIN 16 Marat Khusnutdinov
0%
SEA 2 Marian Studenic
0%
OTT 7 Matthew Highmore
0%
OTT 7 Maxence Guenette
0%
CBJ 17 Mikael Pyyhtia
0%
NYR 6 Nicolas Petan
0%
STL 23 Nikita Alexandrov
0%
OTT 4 Nikolas Matinpalo
0%
SJS 1 Oskar Lindblom
0%
COL 5 Riley Tufte
0%
OTT 37 Rourke Chartier
0%
SEA 9 Ryan Winterton
0%
ANA 3 Sam Colangelo
0%
NJD 2 Samuel Laberge
0%
SJS 3 Scott Sabourin
0%
SJS 3 Shakir Mukhamadullin
0%
NJD 8 Shane Bowers
0%
SEA 77 Tye Kartye
0%
CBJ 2 Tyler Angle
0%
OTT 9 Tyler Kleven
0%
WSH 6 Vincent Iorio
0%
PIT 14 Vinnie Hinostroza
0%
TBL 19 Waltteri Merela
0%
FLA 26 William Lockwood
0%
CAR 1 Yaniv Perets
0%
CHI 29 Zachary Sanford
0%
OTT 7 Zack Ostapchuk
0%
No matching quizzes found
Score Distribution
Percent of People with Each Score
Percentile by Number Answered
Your Score History
You have not taken this quiz since the last reset